Praha v obnoveném státě : zemská metropole hlavním městem nové republiky : stati a rozšířené příspěvky z 37. mezinárodní vědecké konference Archivu hlavního města Prahy, uspořádané ve spolupráci s Historickým ústavem Akademie věd ČR, v.v.i., Fakultou humanitních studií Univerzity Karlovy v Praze a Filozofickou fakultou Univerzity Jana Evangelisty Purkyně v Ústí nad Labem a Obecním domem, a.s., ve dnech 16. a 17. října 2018 v Obecním domě v Praze = Prague in the "restored" Czechoslovak state : national metropolis as the capital of the new republic : articles and longer works from the 37th international research conference of the Prague City Archives held in cooperation with the Institute of History at the Academy of Sciences of the Czech Republic, the Faculty of Humanities at Charles University in Prague, the Faculty of Arts at Jan Evangelista Purkyně University in Ústí nad Labem and Municipal House on 16 and 17 October 2018 at the Municipal House in Prague /

Korporativní autor: Archiv hlavního města Prahy
Další autoři: Praha v obnoveném státě - zemská metropole hlavním městem nové republiky (konference), Fejtová, Olga, 1962-, Maříková, Martina, 1977-, Pešek, Jiří, 1954-, Historický ústav (Akademie věd ČR), Univerzita Karlova. Fakulta humanitních studií, Univerzita J.E. Purkyně v Ústí nad Labem. Filozofická fakulta, Obecní dům (Praha, Česko)
Jazyk: Němčina
Čeština
Angličtina
Vydáno: Praha : Archiv hlavního města Prahy, 2020
Vydání: Vydání první
Témata:
Fyzický popis: 499 stran : ilustrace (některé barevné), portréty, plány, faksimile : 21 cm
Language note: Částečně anglický a německý text, anglická a německá resumé
Knihy
Uloženo v:
LEADER 04513nam a2200817 i 4500
001 nkc20213312477
003 CZ PrNK
005 20210923140202.0
007 ta
008 210316s2020 xr acehf 100 0 cze
015 |a cnb003312477 
020 |a 978-80-86852-90-4  |q (Archiv hl. m. Prahy ;  |q brožováno) 
035 |a (OCoLC)1274108793 
040 |a OLA001  |b cze  |e rda 
041 0 |a cze  |a eng  |a ger  |b eng  |b ger 
043 |a e-cs---  |a e-xr---  |b e-xr-pg  |a ec-----  |2 czenas 
045 |a x1x3 
072 7 |a 71  |x Územní plánování. Urbanismus. Památková péče  |2 Konspekt  |9 21 
080 |a 711.432  |2 MRF 
080 |a 711.4  |2 MRF 
080 |a 711.4/.8  |2 MRF 
080 |a 71  |2 MRF 
080 |a 316.72/.75  |2 MRF 
080 |a 94(437.311)  |2 MRF 
080 |a (437)  |2 MRF 
080 |a (4-191.2)  |2 MRF 
080 |a (062.534)  |2 MRF 
111 2 |a Praha v obnoveném státě - zemská metropole hlavním městem nové republiky (konference)  |d (2018 :  |c Praha, Česko)  |7 olak20211122777  |4 aut 
245 1 0 |a Praha v obnoveném státě :  |b zemská metropole hlavním městem nové republiky : stati a rozšířené příspěvky z 37. mezinárodní vědecké konference Archivu hlavního města Prahy, uspořádané ve spolupráci s Historickým ústavem Akademie věd ČR, v.v.i., Fakultou humanitních studií Univerzity Karlovy v Praze a Filozofickou fakultou Univerzity Jana Evangelisty Purkyně v Ústí nad Labem a Obecním domem, a.s., ve dnech 16. a 17. října 2018 v Obecním domě v Praze = Prague in the "restored" Czechoslovak state : national metropolis as the capital of the new republic : articles and longer works from the 37th international research conference of the Prague City Archives held in cooperation with the Institute of History at the Academy of Sciences of the Czech Republic, the Faculty of Humanities at Charles University in Prague, the Faculty of Arts at Jan Evangelista Purkyně University in Ústí nad Labem and Municipal House on 16 and 17 October 2018 at the Municipal House in Prague /  |c editoři: Olga Fejtová, Martina Maříková a Jiří Pešek 
246 3 1 |a Prague in the "restored" Czechoslovak state 
246 1 8 |a Documenta Pragensia XXXIX 
250 |a Vydání první 
264 1 |a Praha :  |b Archiv hlavního města Prahy,  |c 2020 
300 |a 499 stran :  |b ilustrace (některé barevné), portréty, plány, faksimile :  |c 21 cm 
336 |a text  |b txt  |2 rdacontent 
337 |a bez média  |b n  |2 rdamedia 
338 |a svazek  |b nc  |2 rdacarrier 
500 |a Pro Archiv hlavního města Prahy vydalo nakladatelství Pavel Mervart 
500 |a 400 výtisků 
504 |a Obsahuje bibliografické odkazy 
546 |a Částečně anglický a německý text, anglická a německá resumé 
648 7 |a 1918-1938  |7 ch460648  |2 czenas 
650 0 7 |a hlavní města  |7 ph114673  |z Československo  |y 1918-1938  |2 czenas 
650 0 7 |a města  |7 ph115399  |z Evropa střední  |y 1918-1938  |2 czenas 
650 0 7 |a rozvoj měst  |7 ph137468  |2 czenas 
650 0 7 |a územní plánování  |7 ph128364  |2 czenas 
650 0 7 |a kultura a společnost  |7 ph122010  |y 1918-1938  |2 czenas 
650 0 9 |a capital cities  |z Czechoslovakia  |y 1918-1938  |2 eczenas 
650 0 9 |a cities and towns  |z Europe, Central  |y 1918-1938  |2 eczenas 
650 0 9 |a urban development  |2 eczenas 
650 0 9 |a spatial planning  |2 eczenas 
650 0 9 |a culture and society  |y 1918-1938  |2 eczenas 
651 7 |a Praha (Česko)  |7 ge118011  |x dějiny  |y 1918-1938  |2 czenas 
651 9 |a Prague (Czechia)  |x history  |y 1918-1938  |2 eczenas 
655 7 |a sborníky konferencí  |7 fd133333  |2 czenas 
655 9 |a proceedings of conferences  |2 eczenas 
700 1 |a Fejtová, Olga,  |d 1962-  |7 ola2004212142  |4 edt 
700 1 |a Maříková, Martina,  |d 1977-  |7 jo2012693932  |4 edt 
700 1 |a Pešek, Jiří,  |d 1954-  |7 jn19990209647  |4 edt 
787 0 8 |i Monografické číslo seriálu:  |t Documenta Pragensia  |x 0231-7443  |g 39 (2020) 
710 2 |a Archiv hlavního města Prahy  |7 ko2002102006  |4 orm  |4 isb 
710 2 |a Historický ústav (Akademie věd ČR)  |7 kn20010711013  |4 orm 
710 2 |a Univerzita Karlova.  |b Fakulta humanitních studií  |7 xx0045131  |4 orm 
710 2 |a Univerzita J.E. Purkyně v Ústí nad Labem.  |b Filozofická fakulta  |7 ko2007147994  |4 orm 
710 2 |a Obecní dům (Praha, Česko)  |7 kn20010710565  |4 orm 
910 2 |a BOA001  |b 2-1471.204 
928 9 |a Pavel Mervart 
990 |a BK 
995 |a 01 
991 |b 202108  |c NOV 
996 6 |b 2610874408  |c 2-1471.204  |l MZK  |r Sklad / do 1 hodiny  |n 1  |p p.v.  |w 001859562  |u 000010  |a 1  |e BOA001  |j MZK50  |s P